History Quiz

Random History or Country Quiz

5 to 1: US Presidents Quiz Stats

 Plays Quiz Updated Jan 25, 2018

Score 0/15 Timer 03:00
15 Plays Today
% Correct
Barack Obama
99.6%
Donald Trump
99.1%
Bill Clinton
99.1%
George W. Bush
98.6%
George H. W. Bush
98%
Abraham Lincoln
97.7%
John F. Kennedy
96.9%
Franklin D. Roosevelt
92.9%
% Correct
Harry S. Truman
92%
Thomas Jefferson
87%
William McKinley
85.5%
John Adams
84.6%
James Garfield
83.2%
Grover Cleveland
78.6%
James Monroe
77.4%

You're not logged in!

Compare scores with friends on all Sporcle quizzes.
OR
Log In

You Might Also Like...

Show Comments

Extras

Top Quizzes Today


Score Distribution

Your Account Isn't Verified!

In order to create a playlist on Sporcle, you need to verify the email address you used during registration. Go to your Sporcle Settings to finish the process.

Report this User

Report this user for behavior that violates our Community Guidelines.

Details: